Оценки вблизи границы решений эллиптических уравнений в частных производных при общих граничных условиях (Запись № 7855807)

Подробности
000 -МАРКЕР
контрольное поле 02065nam0a22003851 4500
001 - ИДЕНТИФИКАТОР ЗАПИСИ
контрольное поле rc\4221079
005 - ИДЕНТИФИКАТОР ВЕРСИИ
контрольное поле 20250612021128.0
021 ## - НОМЕР ГОСУДАРСТВЕННОЙ РЕГИСТРАЦИИ
Код страны Российская Федерация
Номер [62-60439]
035 ## - ДРУГИЕ СИСТЕМНЫЕ НОМЕРА
Идентификатор записи (NLR Aleph) 008458776
100 ## - ДАННЫЕ ОБЩЕЙ ОБРАБОТКИ
Данные общей обработки 20130416d1962 |||y0rusy50 ca
101 1# - ЯЗЫК РЕСУРСА
Язык текста, звукозаписи и т.д. русский
Язык оригинала английский
102 ## - СТРАНА ПУБЛИКАЦИИ ИЛИ ПРОИЗВОДСТВА
Страна публикации Российская Федерация
105 ## - ПОЛЕ КОДИРОВАННЫХ ДАННЫХ: ТЕКСТОВЫЕ МАТЕРИАЛЫ, МОНОГРАФИЧЕСКИЕ
Кодированные данные о монографическом текстовом документе y z |||||
200 1# - ЗАГЛАВИЕ И СВЕДЕНИЯ ОБ ОТВЕТСТВЕННОСТИ
Основное заглавие Оценки вблизи границы решений эллиптических уравнений в частных производных при общих граничных условиях
Сведения, относящиеся к заглавию 1
Первые сведения об ответственности Пер. с англ. Л.Р. Волевича
Последующие сведения об ответственности Под ред. М.И. Вишика
210 ## - ПУБЛИКАЦИЯ, РАСПРОСТРАНЕНИЕ И ДР.
Место издания, распространения и т.д. Москва
Имя издателя, распространителя и т. д. Изд-во иностр. лит.
Дата издания, распространения и т.д. 1962
215 ## - ФИЗИЧЕСКАЯ ХАРАКТЕРИСТИКА
Специфическое обозначение материала и объем 205 с.
Размеры 20
225 1# - СЕРИЯ
Основное заглавие серии Библиотека сборника "Математика"
300 ## - ОБЩИЕ ПРИМЕЧАНИЯ
Текст примечания Доп. тит. л.: Estimates near the boundary for solutions of elliptic partial differential equations satisfying general boundary conditions. I.S. Agmon, A. Douglis, L. Nirenberg. New York, Interscience publ. (Communications on pure and applied mathematics, vol. 12)
300 ## - ОБЩИЕ ПРИМЕЧАНИЯ
Текст примечания Перед загл. авт.: С. Агмон, А. Дуглис и Л. Ниренберг
300 ## - ОБЩИЕ ПРИМЕЧАНИЯ
Текст примечания На обл. загл.: Оценки решений эллиптических уравнений вблизи границы
320 ## - ПРИМЕЧАНИЯ О НАЛИЧИИ В ДОКУМЕНТЕ БИБЛИОГРАФИИ / УКАЗАТЕЛЯ
Текст примечания Библиогр.: с. 195-203
512 0# - ЗАГЛАВИЕ ОБЛОЖКИ
Заглавие обложки Оценки решений эллиптических уравнений вблизи границы
513 0# - ЗАГЛАВИЕ НА ДОПОЛНИТЕЛЬНОМ ТИТУЛЬНОМ ЛИСТЕ
Заглавие на дополнительном титульном листе Estimates near the boundary for solutions of elliptic partial differential equations satisfying general boundary conditions
606 ## - НАИМЕНОВАНИЕ ТЕМЫ КАК ПРЕДМЕТ
Наименование темы Дифференциальные уравнения, эллиптические
Тематический подзаголовок Решение
Код системы psbo
700 #1 - ИМЯ ЛИЦА - ПЕРВИЧНАЯ ОТВЕТСТВЕННОСТЬ
Начальный элемент ввода Агмон
Часть имени, кроме начального элемента ввода С.
701 #1 - ИМЯ ЛИЦА - АЛЬТЕРНАТИВНАЯ ОТВЕТСТВЕННОСТЬ
Начальный элемент ввода Дуглис
Часть имени, кроме начального элемента ввода А.
701 #1 - ИМЯ ЛИЦА - АЛЬТЕРНАТИВНАЯ ОТВЕТСТВЕННОСТЬ
Начальный элемент ввода Ниренберг
Часть имени, кроме начального элемента ввода Л.
702 #1 - ИМЯ ЛИЦА - ВТОРИЧНАЯ ОТВЕТСТВЕННОСТЬ
Начальный элемент ввода Волевич
Часть имени, кроме начального элемента ввода Л.Р.
Код отношения Переводчик
702 #1 - ИМЯ ЛИЦА - ВТОРИЧНАЯ ОТВЕТСТВЕННОСТЬ
Начальный элемент ввода Вишик
Часть имени, кроме начального элемента ввода М.И.
Код отношения Редактор
801 #0 - ИСТОЧНИК ЗАПИСИ
Страна Российская Федерация
Организация NLR
Правила каталогизации psbo
801 #1 - ИСТОЧНИК ЗАПИСИ
Страна Российская Федерация
Организация ELAR
Источник данных rusmarc
852 ## - МЕСТОНАХОЖДЕНИЕ И ШИФР ХРАНЕНИЯ
Идентификатор организации NLR
Шифр хранения (Call Number) 62-3/4321
942 ## - ДОПОЛНИТЕЛЬНЫЕ ЭЛЕМЕНТЫ ЗАПИСИ (АБИС)
Тип экземпляра АБИС Книга
980 ## - КОЛЛЕКЦИЯ
Название коллекции Национальная библиография
Экземпляры
Тип экземпляра Дата поступления Библиотека постоянного хранения Библиотека текущего хранения Место хранения Шифр хранения Штрих-код Статус экземпляра
Книга 26.10.2013 РНБ (Московский) РНБ (Московский) Русский книжный фонд: издания с 1957 года 62-3/4321 8458776-10